20 największych miast w województwie śląskim - Statystyki

Ogólne statystyki
  • Ten quiz został rozwiązany 125 razy
  • Średni wynik to 19 z 27
Statystyki odpowiedzi
Miejsce powierzchni
Powierzchnia
(w km²)
Miejsce populacji Populacja Miasto Podpowiedzi % Poprawnych
2 164,73 1 280,190 Katowice stolica województwa
99%
3 159,72 2 208,282 Częstochowa mistrz Polski 2022/2023
96%
6 133,88 4 171,023 Gliwice Znajduje się tu wielkie Centrum Przesiadkowe
94%
16 80,42 6 155,430 Zabrze 14-krotny mistrz Polski w piłce nożnej
94%
9 91,16 3 189,178 Sosnowiec najśmieszniejsze polskie miasto
91%
7 124,45 5 166,765 Bielsko-Biała Studio Filmów Rysunkowych - tu powstał Reksio, Bolek i Lolek
89%
(poza rankingiem) (poza rankingiem) 7 149,576 Bytom Tu się urodził Edmund Kowal
88%
(poza rankingiem) (poza rankingiem) 12 101,914 Chorzów W sezonie 23/24 klub z tego miasta wszedł do Ekstraklasy
88%
15 81,81 10 123,105 Tychy Znajduje się tu jedna z lepszych hokejowych drużyn w Polsce
83%
1 188,73 11 114,765 Dąbrowa Górnicza Jest tu wielka kopalnia
82%
(poza rankingiem) (poza rankingiem) 15 71,634 Mysłowice Myslowitz tak nazywa się to miasto po niemiecku
82%
18 77,64 9 131,532 Ruda Śląska Tu się urodził Ernest Pohl
77%
5 148,28 8 131,744 Rybnik Prawa miejskie przed rokiem 1309
76%
4 152,41 13 87,552 Jaworzno nie daleko znajduje się Park Gródek
70%
17 79,21 (poza rankingiem) (poza rankingiem) Mikołów Z tego miasta jest klub Orzeł Mokre zwycięzcy A Klasy (Katowice)
70%
13 83,81 18 61,439 Tarnowskie Góry siedziba powiatu tarno.........
69%
11 85,34 14 83,139 Jastrzębie-Zdrój Dom Zdrojowy, muszla koncertowa
67%
(poza rankingiem) (poza rankingiem) 16 63,892 Siemianowice Śląskie Pałacyk Fitznera
64%
12 85,29 (poza rankingiem) (poza rankingiem) Zawiercie Miasto leży nad Wartą i Czarną Przemszą
61%
(poza rankingiem) (poza rankingiem) 17 61,817 Żory Muzeum Ognia
61%
(poza rankingiem) (poza rankingiem) 19 54,322 Będzin Te miasto jest znane z licznych zabytków
58%
(poza rankingiem) (poza rankingiem) 20 52,137 Piekary Śląskie Leży nad Brynicą w północnej części wyżyny śląskiej
55%
20 75,04 (poza rankingiem) (poza rankingiem) Racibórz Zamek Piastowski
51%
8 110,16 (poza rankingiem) (poza rankingiem) Wisła nie posiada własnego powiatu, jest nazwą rzeki
43%
10 89,37 (poza rankingiem) (poza rankingiem) Lubliniec Główny ośrodek gospodarczy, turystyczny, kulturalny, edukacyjny, rolniczy i przemysłowy
28%
14 83,71 (poza rankingiem) (poza rankingiem) Orzesze znajduje się w powiecie mikołowskim
15%
19 76,37 (poza rankingiem) (poza rankingiem) Kalety Aurum Vitae (Dom Seniora) jeden z popularniejszych
6%
Nie znaleziono quizów pasujących do podanych kryteriów
Rozkład punktacji
Procent ludzi z każdym wynikiem
Percentyl według liczby udzielonych odpowiedzi
Twoja historia wyników
Nie rozwiązałeś tego quizu